| 000 | 00471nam a2200181Ia 4500 | ||
|---|---|---|---|
| 005 | 20250508151503.0 | ||
| 008 | 008 250505s9999 xx 000 0 eng d | ||
| 037 | _aTextual | ||
| 040 |
_aFEDL _beng _cFEDL |
||
| 041 |
_aeng _2eng |
||
| 084 |
_a824, GUY _qFEDL |
||
| 100 |
_aGuy boys _9759254 |
||
| 245 | 0 | _aEssays and studies 1954 | |
| 260 |
_aLondon, UK _bJohn Murray _c1954 |
||
| 300 | _a122p | ||
| 942 |
_cTEXL _h824, GUY |
||
| 999 |
_c1330125 _d1330125 |
||